• 首页
  • 本馆介绍
  • 公告通知
  • 最新文献
  • 馆藏检索
  • 电子资源
  • 读者导购
  • 参考咨询
  • 我的图书馆
  • 登录
  • 详细信息显示
  • 放入我的书架
  • 预约/预借图书
  • 作者相关作品
  • 分类相关作品
  • 丛书相关作品
  • 出版社相关作品

书目信息

  • 表格格式
  • 工作单格式
  • 卡片格式
题名:
创意摄影
    
 
作者: 蔡林 编著
分册:  
出版信息: 哈尔滨   黑龙江美术出版社  1997
页数: 497页
开本: 20cm
丛书名:
单 册:
中图分类: J401
科图分类:
主题词: 摄影艺术--艺术理论
电子资源:
ISBN: 7-5318-0400-X
000 00505nam0 2200181 450
001 0735592734
005 20070906095312.73
010    @a7-5318-0400-X@d¥38.80
100    @a20070906d km y0chiy0120 ea
101 0  @achi
200 1  @a创意摄影@Achuang yi she ying@f蔡林编著@Fcai lin bian zhu
210    @a哈尔滨@c黑龙江美术出版社@d1997
215    @a497页@d20cm
606 0  @a摄影艺术@x艺术理论
690    @aJ401@v3
701  0 @a蔡林@Acai lin@4编著
801  0 @aCN@bPFT@c20070906
905    @a213230@dJ401@eP13@f1
    
    创意摄影/蔡林编著.-哈尔滨:黑龙江美术出版社,1997
    497页;20cm
    
    
    ISBN 7-5318-0400-X:¥38.80
    
●
相关链接 在E读中查询图书 在五车中查询图书 在当当中查询图书 在豆瓣中查询图书


正题名:创意摄影     索取号:J401/P13         预约/预借

序号 登录号 条形码 馆藏地/架位号 状态 备注
1 7200158   272001585   密集书库-物理学院/ [索取号:J401/P13] 在馆    
唐山师范学院图书馆 欢迎您!
大连网信软件有限公司© 版权所有